000 00291nam a22001337a 4500
008 210303b ||||| |||| 00| 0 eng d
020 _a9780470504772
041 _aeng
080 _a575
100 _a5
101 _aBIO
245 _aEssential Biochemistry
_cPratt,W.CH
942 _2udc
_cBK
999 _c55670
_d55670